000 01051nas a2200325 4500
001 BR2019001685
003 BR-BrBNA
005 20231205131947.0
007 ta
008 230509b bl.|||p| |||| 00| 00por d
040 _aBR-BrBNA
_bpor
_cBiblioteca Nacional de Agricultura
041 _a(En)
072 _aH10; P34
100 1 _aGarita, S.A.
100 1 _aBernardo, V.F.
100 1 _aGuimarães, M. de A.
100 1 _aArango, M.C.
100 1 _aRuscitti, M.F.
245 1 _aMycorrhization and grafting improve growth in the tomato and reduce the population of Nacobbus aberrans
650 _aTOMATE
650 _aPRAGA DE PLANTA
650 _aNEMATOIDE
650 _aPORTA ENXERTO
650 _aMICORRIZA VESICULAR ARBUSCULAR
650 _aINOCULAÇÃO
773 0 _tRevista Ciência Agronômica (Brazil)
_xISSN 1806-6690
_g(Oct-Dec 2019), v. 50(4) p. 609-615
_wBR2019001685
856 4 0 _uhttp://www.scielo.br/pdf/rca/v50n4/1806-6690-rca-50-04-0609.pdf
909 _a202311
_bLúcia
_c55
_dLúcia Elande
942 _2AGRIS
_n0
_cANA
999 _c257687
_d257687